[Event "Lovsprings op-C 13th"]
[Site "Ringsted"]
[Date "2002.04.12"]
[Round "5"]
[White "Wagner, Tim"]
[Black "Jensen, Dan Bronnum"]
[Result "1-0"]
[WhiteElo "1582"]
[BlackElo "1234"]
[PlyCount "81"]
[EventDate "2002.03.08"]
[EventType "swiss"]
[EventRounds "7"]
[EventCountry "DEN"]
[SourceTitle "EXT 2023"]
[Source "ChessBase"]
[SourceDate "2022.10.05"]
[SourceVersion "1"]
[SourceVersionDate "2022.10.05"]
[SourceQuality "1"]

1. d4 Nf6 2. c4 e5 3. e3 exd4 4. exd4 d5 5. b3 Bb4+ 6. Bd2 Qe7+ 7. Qe2 Nc6 8. Bxb4 Qxe2+ 9. Kxe2 Nxb4 10. Na3 Bf5 11. f3 Rd8 12. Kf2 dxc4 13. Bxc4 Rxd4 14. Re1+ Kd7 15. Ne2 Rd2 16. Rd1 Rxd1 17. Rxd1+ Kc8 18. Bxf7 Nxa2 19. Nb5 Kb8 20. Ra1 a6 21. Nbd4 Rf8 22. Rxa2 Bd3 23. Bc4 Bg6 24. Kg1 b5 25. Be6 Kb7 26. Bf5 Bf7 27. Rb2 Re8 28. Kf2 Kb6 29. Nc3 Kc5 30. Nde2 Kb4 31. Rb1 Rd8 32. Ne4 Nxe4+ 33. Bxe4 g6 34. Ke3 c5 35. Nc1 a5 36. Nd3+ Kc3 37. Nxc5 Kb4 38. Nd3+ Kc3 39. Rc1+ Kxb3 40. Rb1+ Kc4 41. Ne5+ 1-0

[Event "Lovsprings op-C 13th"]
[Site "Ringsted"]
[Date "2002.04.05"]
[Round "4"]
[White "Abdi, Farhad"]
[Black "Wagner, Tim"]
[Result "0-1"]
[WhiteElo "1298"]
[BlackElo "1582"]
[PlyCount "92"]
[EventDate "2002.03.08"]
[EventType "swiss"]
[EventRounds "7"]
[EventCountry "DEN"]
[SourceTitle "EXT 2023"]
[Source "ChessBase"]
[SourceDate "2022.10.05"]
[SourceVersion "1"]
[SourceVersionDate "2022.10.05"]
[SourceQuality "1"]

1. Nf3 d5 2. c4 c6 3. e3 Nf6 4. d4 Bg4 5. Be2 Bxf3 6. Bxf3 dxc4 7. Nd2 b5 8. Qc2 Qb6 9. 0-0 e6 10. a4 Nd5 11. Bxd5 exd5 12. b3 cxb3 13. Qxb3 b4 14. Bb2 a5 15. e4 Qd8 16. Rfe1 Be7 17. Nf3 0-0 18. exd5 cxd5 19. Re5 Bf6 20. Qxd5 Qxd5 21. Rxd5 Re8 22. Kf1 Nc6 23. Re1 Rxe1+ 24. Kxe1 Be7 25. Kd2 f6 26. Kd3 Nb8 27. Nd2 Kf7 28. Nc4 Nc6 29. Rb5 Bd8 30. d5 Nb8 31. Rb7+ Kg6 32. Bd4 Na6 33. Nb6 Rb8 34. Rxb8 Nxb8 35. d6 Nc6 36. Nc4 Kf5 37. f3 h5 38. Ne3+ Ke6 39. g3 Nxd4 40. Kxd4 Bb6+ 41. Kd3 Bxe3 42. Kxe3 Kxd6 43. Kd3 Ke5 44. h3 g5 45. g4 hxg4 46. fxg4 Kf4 0-1

[Event "Lovsprings op 12th C"]
[Site "Ringsted"]
[Date "2001.04.27"]
[Round "7"]
[White "Pedersen, Kaj Vinding"]
[Black "Wagner, Tim"]
[Result "1-0"]
[WhiteElo "1513"]
[BlackElo "1517"]
[PlyCount "77"]
[EventDate "2001.03.02"]
[EventType "swiss"]
[EventRounds "7"]
[EventCountry "DEN"]
[SourceTitle "EXT 2023"]
[Source "ChessBase"]
[SourceDate "2022.10.05"]
[SourceVersion "1"]
[SourceVersionDate "2022.10.05"]
[SourceQuality "1"]

1. Nc3 e5 2. Nf3 Nc6 3. e4 a6 4. d4 exd4 5. Nxd4 Bb4 6. Nde2 Qh4 7. Bd2 Nge7 8. g3 Qf6 9. Bg2 d6 10. Be3 Bg4 11. Qd2 Bxe2 12. Kxe2 Bxc3 13. bxc3 Ne5 14. Bd4 c5 15. Be3 Nc4 16. Qd3 Nxe3 17. Qxe3 Rb8 18. Rhd1 Nc6 19. Rab1 0-0 20. f4 Na5 21. Qd3 Rbd8 22. Rb6 Qe6 23. Rxd6 Rxd6 24. Qxd6 Qxa2 25. Qxc5 Qxc2+ 26. Rd2 Nb3 27. Qxf8+ Kxf8 28. Rxc2 a5 29. Rb2 a4 30. c4 Nc1+ 31. Kd2 a3 32. Rxb7 a2 33. Ra7 Nb3+ 34. Kc2 a1Q 35. Rxa1 Nxa1+ 36. Kb2 Ke7 37. Kxa1 Kd6 38. Kb2 Kc5 39. Kc3 1-0

[Event "Lovsprings op 12th C"]
[Site "Ringsted"]
[Date "2001.03.30"]
[Round "5"]
[White "Wagner, Tim"]
[Black "Eckert, Svend"]
[Result "0-1"]
[WhiteElo "1517"]
[BlackElo "1642"]
[PlyCount "108"]
[EventDate "2001.03.02"]
[EventType "swiss"]
[EventRounds "7"]
[EventCountry "DEN"]
[SourceTitle "EXT 2023"]
[Source "ChessBase"]
[SourceDate "2022.10.05"]
[SourceVersion "1"]
[SourceVersionDate "2022.10.05"]
[SourceQuality "1"]

1. e4 c5 2. Bc4 e6 3. Nc3 Nc6 4. a3 Nf6 5. d3 d5 6. exd5 exd5 7. Ba2 Be6 8. Nge2 Bd6 9. Bf4 0-0 10. Qd2 a6 11. Bxd6 Qxd6 12. Qf4 Ne5 13. d4 cxd4 14. Qxd4 Rfe8 15. h3 Nc6 16. Qh4 d4 17. 0-0-0 Bxa2 18. Nxd4 Nxd4 19. Rxd4 Qe6 20. Rhd1 Rac8 21. Rd6 Qc4 22. R6d4 Qc7 23. f3 Be6 24. g4 Rcd8 25. Ne4 Qf4+ 26. Kb1 Rxd4 27. Rxd4 Qxf3 28. Nxf6+ Qxf6 29. Qxf6 gxf6 30. c4 Kg7 31. b4 Kg6 32. b5 axb5 33. cxb5 h5 34. gxh5+ Kxh5 35. Rf4 Kg5 36. Rf3 f5 37. a4 Ra8 38. Ra3 Bd7 39. Rd3 Be6 40. Rd4 f4 41. Kc1 Bxh3 42. b6 Be6 43. Kd2 Ra6 44. Rb4 Bd7 45. Rc4 Rxb6 46. a5 Rd6+ 47. Ke1 Bc6 48. Rb4 Kg4 49. a6 bxa6 50. Rb6 Re6+ 51. Kf2 Bb5 52. Rb7 Re2+ 53. Kg1 f6 54. Rg7+ Kf5 0-1

[Event "Lovsprings op 12th C"]
[Site "Ringsted"]
[Date "2001.03.23"]
[Round "4"]
[White "Wagner, Tim"]
[Black "Jensen, Dan Bronnum"]
[Result "1-0"]
[WhiteElo "1517"]
[BlackElo "1339"]
[PlyCount "103"]
[EventDate "2001.03.02"]
[EventType "swiss"]
[EventRounds "7"]
[EventCountry "DEN"]
[SourceTitle "EXT 2023"]
[Source "ChessBase"]
[SourceDate "2022.10.05"]
[SourceVersion "1"]
[SourceVersionDate "2022.10.05"]
[SourceQuality "1"]

1. e4 c5 2. Bc4 Nc6 3. Nc3 Nf6 4. Nf3 e6 5. d3 h6 6. a3 a6 7. a4 Be7 8. h3 d5 9. exd5 exd5 10. Bb3 Be6 11. Ne2 Qc7 12. Nf4 Qd6 13. Nxe6 Qxe6+ 14. Qe2 Qd6 15. Bd2 0-0 16. 0-0 Bd8 17. Rfe1 Bc7 18. g3 Qd7 19. Qf1 Qf5 20. Nh4 Qd7 21. c3 b5 22. axb5 axb5 23. Qg2 c4 24. Bc2 Rxa1 25. Rxa1 Rb8 26. d4 Qe7 27. Re1 Qf8 28. b4 Re8 29. Qf3 Rxe1+ 30. Bxe1 Qe7 31. Bd2 Ne4 32. Bc1 Qe6 33. Bxe4 dxe4 34. Qf5 Qxf5 35. Nxf5 Kf8 36. Bf4 Bxf4 37. gxf4 h5 38. Nd6 Na7 39. Nxe4 Ke7 40. f5 Nc8 41. Kg2 Nb6 42. Kg3 g6 43. fxg6 fxg6 44. Kh4 Nd5 45. Kg5 Kf7 46. Nd6+ Kg7 47. Nxb5 Nf6 48. Nd6 Nh7+ 49. Kh4 Nf6 50. b5 Nd5 51. Nxc4 Nxc3 52. b6 1-0

[Event "Lovsprings op 11th C"]
[Site "Ringsted"]
[Date "2000.04.07"]
[Round "3"]
[White "Jensen, Soren3333"]
[Black "Wagner, Tim"]
[Result "1/2-1/2"]
[WhiteElo "1531"]
[BlackElo "1261"]
[PlyCount "84"]
[EventDate "2000.03.24"]
[EventType "swiss"]
[EventRounds "7"]
[EventCountry "DEN"]
[SourceTitle "EXT 2023"]
[Source "ChessBase"]
[SourceDate "2022.10.05"]
[SourceVersion "1"]
[SourceVersionDate "2022.10.05"]
[SourceQuality "1"]

1. g3 d5 2. Bg2 Nc6 3. d3 Bf5 4. Nc3 Nf6 5. f4 Qd7 6. e3 a6 7. Nf3 h6 8. 0-0 e6 9. Ne5 Qd6 10. Nxc6 Qxc6 11. a3 Bc5 12. h3 Qd7 13. Kh2 c6 14. e4 dxe4 15. dxe4 Qxd1 16. Rxd1 Bg6 17. e5 Nd5 18. Ne4 Be7 19. c4 Nb6 20. b3 Rd8 21. Be3 Nc8 22. Rxd8+ Kxd8 23. Nc5 Kc7 24. b4 Nb6 25. Bf1 Rd8 26. Be2 Bxc5 27. bxc5 Na4 28. Rc1 Nxc5 29. Kg2 Be4+ 30. Kf1 Na4 31. g4 Bd3 32. h4 Bxe2+ 33. Kxe2 c5 34. h5 g6 35. hxg6 fxg6 36. Bd2 Rd7 37. Rh1 Rh7 38. Rh3 Nb6 39. Ba5 Kc6 40. Bxb6 Kxb6 41. Rd3 Kc7 42. Rd6 Re7 1/2-1/2